000 00564nam a22001932 4500
001 0000006289
005 20151217145831.0
008 071012s xx 000 0 eng d
020 _a8131712478 :
_cKES 2800
040 _aKABU
_cKABU
100 1 _aFehily, Chris.
_@0000157700
245 1 0 _aMicrosoft Windows Vista /
_cChris Fehily.
260 _aNew Delhi :
_bDorling Kindersley,
_c2007.
300 _axx, 604 p.
650 0 _aMicrosoft windows vista.
_@0000157701
908 _a071012
950 _@1
999 _c3093
_d3093